Statistics for Random Common German Nouns Quiz #2

Click here to take the quiz!

General Stats

  • This quiz has been taken 64 times
  • The average score is 37 of 50

Answer Stats

GermanEnglish% Correct
die Barbar
100%
der Vogelbird
100%
die Rechnungcalculation, bill
100%
die Chancechance
100%
die Klasseclass
100%
das Landcountry
100%
die Tochterdaughter
100%
der Doktordoctorate, doctor
100%
die Erdeearth, soil, ground
100%
das Essenfood
100%
die Gruppegroup
100%
der Bergmountain, hill
100%
die Musikmusic
100%
der Schmerzpain
100%
die Partyparty
100%
die Personperson
100%
die Polizeipolice
100%
das Problemproblem
100%
das Meersea, ocean
100%
der Staatstate, country
100%
der Sommersummer
100%
die Sonnesun
100%
der Kriegwar
100%
der Windwind
100%
das Rechtlaw, right
90%
der Fallcase, fall
89%
der Vaterfather
89%
die Katzecat
88%
das Spielgame, play
88%
die Mamamum
88%
der Schuhshoe
88%
der Kaffeecoffee
86%
das Feldfield, country(side)
86%
die Taschebag, pocket
83%
die Flaschebottle
83%
der Schreibtischdesk
83%
die Kleidungclothes
80%
die Nasenose
80%
die Hautskin
80%
der Zahntooth
80%
das Gebäudebuilding
78%
der Onkeluncle
78%
das Schlafzimmerbedroom
75%
der Abendevening
75%
das Knieknee
75%
der Grundreason, ground
75%
der Sternstar
75%
der Steinstone
75%
der Traumdream
71%
die Wohnungflat, apartment
71%
der Lastkraftwagen (Lkw)lorry
71%
die Nachricht(en)news
71%
die Anzahlnumber
71%
das Gefühlfeeling, sensation
70%
der Bahnhofrailway station
70%
die Hallehall
67%
das Pferdhorse
67%
der Briefletter
67%
das Elternteilparent
67%
das Bildpicture
67%
das Stückpiece
67%
der Flussriver
67%
die Szenescene
67%
das Hemdshirt
67%
die Rastrest
63%
der Sinnsense
63%
der Beutelbag, purse
60%
die Eckecorner
60%
die Stillequiet, silence
60%
das Schiffship
60%
das Tieranimal
57%
das Ehepaarmarried couple
57%
das Gedächtnismemory
57%
der Himmelsky, heaven
57%
das Alterage
56%
das Zentrumcentre
56%
der Ehemannhusband
55%
das Geschäftbusiness, shop, deal, transaction
50%
die Farbecolour
50%
die Schwierigkeitdifficulty, trouble
50%
das Abendessendinner
50%
das Ohrear
50%
die Damelady
50%
die Spitzepoint, tip, top
45%
der Halsneck
43%
der Schattenshadow, shade
43%
die Wahrheittruth
43%
die Waffeweapon
43%
die Aufmerksamkeitattention
40%
die Brustchest, breast
40%
die Höllehell
40%
die Machtpower
40%
das Holzwood
40%
die Kistebox
38%
das Schildsign, number plate, nameplate
30%
die Tränetear(drop)
30%
der Nachmittagafternoon
29%
die Mengequantity, large number (of), crowd
29%
der Felsrock
17%
der Bildschirmscreen
0%

Score Distribution

Percentile by Number Answered

Percent of People with Each Score

Your Score History

You have not taken this quiz